000 00340nam a2200157Ia 4500
005 20250423101727.0
008 250422s9999 xx 000 0 und d
020 _a978069026-3
100 _aOsofisan, Femi
245 0 _aWomen of owu
260 _bUni. Press
260 _c2011
300 _a78 p
650 _aLiterature
942 _cBK
999 _c37097
_d37097